Manual de historiografía hispanoamericana contemporánea
Guardat en:
| Autor principal: | |
|---|---|
| Format: | Llibre |
| Idioma: | espanyol |
| Publicat: |
Mendoza
Universidad Nacional de Cuyo
1992
|
| Matèries: | |
| Etiquetes: |
Afegir etiqueta
Sense etiquetes, Sigues el primer a etiquetar aquest registre!
|
MARC
| LEADER | 00000nam a2200000 a 4500 | ||
|---|---|---|---|
| 001 | UCP7889 | ||
| 003 | CL-VaPUC | ||
| 008 | 000106e19920000AG |||||||||||||||||spa|d | ||
| 082 | 0 | 4 | |a 907.2 |b ACE |2 21 |
| 100 | 0 | |a Acevedo, Edberto Oscar |e author |9 437578 | |
| 245 | 1 | 0 | |a Manual de historiografía hispanoamericana contemporánea |
| 300 | |a 316 p | ||
| 942 | |c BK | ||
| 945 | |d 20000106 00:00:00 |a rherrera | ||
| 260 | |a Mendoza |b Universidad Nacional de Cuyo |c 1992 | ||
| 650 | 0 | |a Historiografía |9 257871 | |
| 650 | 7 | |a HISPANOAMERICA |2 CL-VaPUC |9 434718 | |
| 650 | 0 | |a Edad contemporánea |9 350385 | |
| 650 | 0 | |a Crítica e interpretación |9 255042 | |
| 650 | 0 | |a Historiadores |9 314498 | |
| 651 | 7 | |a CHILE |2 CL-VaPUC |9 437579 | |
| 651 | 0 | |a Venezuela |9 254993 | |
| 651 | 0 | |a Colombia |9 256424 | |
| 651 | 0 | |a México |9 255269 | |
| 651 | 0 | |a Perú |9 256567 | |
| 583 | |a last modification |c 20000106 00:00:00 |k Rodrigo Vera | ||
| 999 | |c 284926 |d 284924 | ||
| 952 | |0 0 |1 0 |4 0 |6 907_200000000000000_ACE_1992 |7 0 |8 A |9 329234 |a BIBHIS |b BIBHIS |d 2019-11-20 |i 1376012 |o 907.2 ACE 1992 |p 1376012 |r 2025-01-20 |w 2019-11-20 |y BK |k HIS | ||
| 952 | |0 0 |1 0 |4 0 |6 907_200000000000000_ACE_1992 |7 0 |8 A |9 329235 |a BIBHIS |b BIBHIS |d 2019-11-20 |i 1376020 |o 907.2 ACE 1992 |p 1376020 |r 2025-01-20 |w 2019-11-20 |y BK |k HIS | ||